Avances de Investigación 1976 (19). Notas sobre las posibilidades de reproducción de la fuerza de trabajo de costa rica/

Shranjeno v:
Bibliografske podrobnosti
Glavni avtor: Quevedo Reyes, Santiago (Autor)
Format: Documento de Gobierno Knjiga
Jezik:Spanish
Teme:
Oznake: Označite
Brez oznak, prvi označite!

MARC

LEADER 00000nam a22000007a 4500
003 cru IIS
005 20220705103825.0
007 ta
008 220523s1990 cr |||p|r|||| 00| 0 spa d
040 |c cru IIS 
086 |a REV0053 (19) 1976 
100 1 |9 9365  |a Quevedo Reyes, Santiago   |e Autor 
245 1 |a Avances de Investigación 1976 (19).  |b Notas sobre las posibilidades de reproducción de la fuerza de trabajo de costa rica/  |c Santiago Quevedo Reyes 
300 |a 82 páginas 
500 |a Colección Centroamérica 
505 |a I. Introducción y planteamiento del problema /Santiago Quevedo Reyes (páginas 1-2) II. Aspectos teóricos / Santiago Quevedo Reyes (páginas 3-7) III. Método de trabajo / Santiago Quevedo Reyes (páginas 8-11) IV. La fuerza de trabajo asalariada en Costa Rica / Santiago Quevedo Reyes (páginas 12-28) V. Las posibilidades de reproducción de la F. de T. / Santiago Quevedo Reyes (páginas 29-37) VI. Observaciones finales, a modo de conclusión / Santiago Quevedo Reyes (páginas 38-40) Notas de referencia (páginas 41-46) Anexos (páginas 47-82) 
650 0 |9 27  |a TRABAJO 
651 0 |9 32  |a COSTA RICA 
773 0 |0 19073  |9 7517  |a Universidad de Costa Rica.  |d San José, Costa Rica UCR. FCS. IIS  |o 22674  |t Avances de Investigación/ 
942 |2 ddc  |c PP 
999 |c 44360  |d 44360